| 000 | 00548nam a2200217 a 4500 | ||
|---|---|---|---|
| 999 |
_c8651 _d8651 |
||
| 001 | 8651 | ||
| 003 | BD-JhCC | ||
| 005 | 20181002175345.0 | ||
| 008 | 180228b1964 xxu |||| ||a| 000 0 eng d | ||
| 035 | _a(BD-JhCC) 8651 | ||
| 040 |
_aBD-JhCC _dBD-JhCC |
||
| 041 | _aeng | ||
| 082 |
_a629.2222 _bJOH 1964 |
||
| 100 | _aAnderson, John | ||
| 245 |
_aThe discovery book of motors / _c John Anderson |
||
| 260 |
_aLondon: _bGEORGE G. HARRAP & CO. LTD , _c1964 |
||
| 300 |
_a48 p .: _c18 cm . |
||
| 650 | _aMotors | ||
| 942 |
_2ddc _cBK |
||